01362nam a22003254a 4500001001200000003000800012006001900020007001500039008004100054010001700095020002500112040002100137035002100158050002700179082001800206245011300224246002300337260004400360300002400404500010700428504004100535533015200576650002400728655002900752700002300781700002700804710001700831730006200848856012600910ebr10255687CaPaEBRm u cr cn|||||||||080414s2008 njua sb 000 0 eng  z 2008273169 z9789812709493 (hbk.) aCaPaEBRcCaPaEBR a(OCoLC)64676858514aHG6024.A3bC735 2008eb04a332.64/5722200aCredit correlationh[electronic resource] :blife after copulas /ceditors, Alexander Lipton, Andrew Rennie.30aLife after copulas aNew Jersey :bWorld Scientific,cc2008. avii, 169 p. :bill. aReprinted from the International journal of theoretical and applied finance, v. 10, no. 4 (June 2007). aIncludes bibliographical references. aElectronic reproduction.bPalo Alto, Calif. :cebrary,d2013.nAvailable via World Wide Web.nAccess may be limited to ebrary affiliated libraries. 0aCredit derivatives. 7aElectronic books.2local1 aLipton, Alexander.1 aRennie, Andrew,d1968-2 aebrary, Inc.0 aInternational journal of theoretical and applied finance.40uhttp://site.ebrary.com/lib/rucke/Doc?id=10255687zAn electronic book accessible through the World Wide Web; click to view